000 00787nam a22002297a 4500
001 BRCA_9413
003 FranzMayer
005 20230918125947.0
008 230904b |||||||| |||| 00| 0 eng d
040 _aMFM
_bESPAÑOL
_cMFM
050 0 _aGN429.M6
_bW67 1976
110 1 _4Responsable
_aWorld Crafts Council
_929619
240 _aThe Living Crafts
_hTradition and Quality
_lInglés
245 0 _aThe Living Crafts
_bTradition and Quality
260 _aMorelos, México
_bWorld Crafts Council
_c1976
300 _a52 p
_bIlustraciones
_c28 cm
500 _aAnexo 1
505 _aTexto en: inglésDirigido a: arqueólogas e historiadores mexicanos
650 1 _2Antropología
_aCultura
_vTradiciones
_929620
651 2 _2México
_aCostumbres
_vArtesanías
_929621
942 _2lcc
_cB
999 _c11035
_d11035